Kỹ thuật laser

Wedi'i Gadw mewn:
Manylion Llyfryddiaeth
Prif Awdur: Nguyễn, Thế Bình
Fformat: Llyfr
Iaith:Undetermined
Cyhoeddwyd: Hà Nội Nxb. Đại học Quốc gia Hà Nội 2004
Pynciau:
Tagiau: Ychwanegu Tag
Dim Tagiau, Byddwch y cyntaf i dagio'r cofnod hwn!
Thư viện lưu trữ: Trung tâm Học liệu Trường Đại học Cần Thơ
LEADER 00526nam a2200193Ia 4500
001 CTU_96883
008 210402s9999 xx 000 0 und d
020 |c 14500 
082 |a 621.366 
082 |b B312 
100 |a Nguyễn, Thế Bình 
245 0 |a Kỹ thuật laser 
245 0 |c Nguyễn Thế Bình 
260 |a Hà Nội 
260 |b Nxb. Đại học Quốc gia Hà Nội 
260 |c 2004 
650 |a Laser 
904 |i Minh 
980 |a Trung tâm Học liệu Trường Đại học Cần Thơ